EVERYMANS UNITED NATION (Record no. 33367)

MARC details
000 -LEADER
fixed length control field 00267nam a22001097a 4500
082 ## - DEWEY DECIMAL CLASSIFICATION NUMBER
Classification number 341.23
Item number UNP
100 ## - MAIN ENTRY--PERSONAL NAME
Personal name UNITED NATION PUBLICATION
245 ## - TITLE STATEMENT
Title EVERYMANS UNITED NATION
260 ## - PUBLICATION, DISTRIBUTION, ETC. (IMPRINT)
Place of publication, distribution, etc NEW YORK
Name of publisher, distributor, etc UNITED NATION PUBLICATION
Year of Publication 1956
300 ## - PAGE DESCRIPTION
No. of Pages 444
942 ## - ADDED ENTRY ELEMENTS (KOHA)
Source of classification or shelving scheme Dewey Decimal Classification
Koha item type Books
Holdings
Withdrawn status Lost status Source of classification or shelving scheme Damaged status Not for loan Collection code Home library Current library Date acquired SGTU Total Checkouts Full call number Accession No. (Barcode) Date last seen Bill Date Koha item type
    Dewey Decimal Classification   Not For Loan LAW SGT Science & Social Sciences Library SGT Science & Social Sciences Library 16/01/2026 SGTU   341.23 UNP FL3918 16/01/2026 16/01/2026 Books